000 03040nam0a2200397 4500
001 RU\NLR\BIBL_A\022515815
005 20260420042742.0
010 _a978-5-907795-72-3
_963
021 _aRU
_bКН-П-25-008371
_9КН-П-25-0824
035 _a(NLR Aleph) 022515815
090 _a13671495
_c13671495
100 _a20250408d2025 k y0rusy50 ca
101 0 _arus
_aeng
102 _aRU
105 _ay z 110yy
181 0 _ai4
_baxxe
182 0 _an
200 1 _aАктуальные проблемы сравнительно-исторического правоведения и теоретико-правовых исследований
_eсборник статей по материалам II научно-практического форума с международным участием, посвящённого памяти профессора, члена-корреспондента РАН Г. В. Мальцева (к 90-летию со дня рождения), [22 марта 2024 г.]
_fВысшая школа экономики, национальный исследовательский университет, Факультет права, Департамент теории права и сравнительного правоведения
_gредактор: Нагих Сергей Иванович - канд. юрид. наук, проф.
203 _aТекст
_bвизуальный
_cнепосредственный
210 _aМосква
_cНаш мир
_d2025
215 _a227 с.
_d21
300 _aЧасть текста парал. на рус. и англ. яз.
320 _aБиблиогр. в конце ст. и в подстроч. примеч.
606 1 _aСравнительное правоведение
_jСъезды, совещания и т.п
_92309298
_3RU\NLR\AUTH\661382163
606 1 _aПраво
_jСъезды, совещания и т.п
_xТеория
_91132203
_3RU\NLR\AUTH\66130636
686 1 _aХ99я431
686 1 _aХ0я431
702 1 _aНагих
_bС. И.
_gСергей Иванович
_4340
702 1 _aМальцев
_bГ. В.
_f1935-2013
_gГеннадий Васильевич
_4280
711 1 2 _a"Актуальные проблемы сравнительно-исторического правоведения и теоретико-правовых исследований", научно-практический форум с международным участием
_d2
_eМосква
_f2024
_92659427
_3RU\NLR\AUTH\880627059
712 0 2 _4570
_a"Высшая школа экономики", национальный исследовательский университет
_bФакультет права
_bДепартамент теории права и сравнительного правоведения
_cМосква
_9882068
_3RU\NLR\AUTH\880610217
942 _cBOOK
980 _aNB